UBT Library

HISTORIA E LETERSIS BOTERORE (Record no. 60725)

000 -LEADER
fixed length control field 00331nam a22001457a 4500
008 - FIXED-LENGTH DATA ELEMENTS--GENERAL INFORMATION
fixed length control field 250709b ||||| |||| 00| 0 eng d
020 ## - INTERNATIONAL STANDARD BOOK NUMBER
International Standard Book Number RILINDJA
041 ## - LANGUAGE CODE
Language code of text/sound track or separate title SHQIP
080 ## - UNIVERSAL DECIMAL CLASSIFICATION NUMBER
Edition identifier 1985
Universal Decimal Classification number 001
082 ## - DEWEY DECIMAL CLASSIFICATION NUMBER
Classification number 001
100 ## - Rafti
Rafti 1
101 ## - Shkurtesa
Shkurtesa GJUH DHE LETERSI
245 ## - TITLE STATEMENT
Title HISTORIA E LETERSIS BOTERORE
Statement of responsibility, etc RILINDJA
942 ## - ADDED ENTRY ELEMENTS (KOHA)
Source of classification or shelving scheme
Item type Books
Holdings
Withdrawn status Lost status Source of classification or shelving scheme Damaged status Not for loan Collection code Permanent location Current location Shelving location Date acquired Total Checkouts Full call number Barcode Date last seen Price effective from Koha item type
          Koleksioni i lëndeve mesimore UBT - Lipjan UBT - Lipjan Koleksioni i lëndeve mesimore 07/09/2025   001 002-80007099912 07/09/2025 07/09/2025 Books
          Koleksioni i lëndeve mesimore UBT - Lipjan UBT - Lipjan Koleksioni i lëndeve mesimore 07/09/2025   001 002-800070999261 07/09/2025 07/09/2025 Books
          Koleksioni i lëndeve mesimore UBT - Lipjan UBT - Lipjan Koleksioni i lëndeve mesimore 07/09/2025   001 002-800070999262 07/09/2025 07/09/2025 Books
UBT Library © 2015-2024. All rights reserved University Education for Business and Technology